Sanctorum CONCILIORUM et DECRETORUM Collectio nova, seu collectionis conciliorum A. PP. Philippo Labbeo, et Gabriele Cossartio Soc. Jesu Presbyteris Primum Vulgatae, dein emendatioris, et amplioris Opera Nicolai Coleti Sacerdotis Venetiis recusae Supplementum, In quo additamenta, variantes lectiones, emendationes ad Concilia Veneto-Labbeana; Nova Itidem Concilia, ac decreta permulta exhibentur. Omnia ex editis & M. SS. condicibus undique quaesitis Graecis Latinisque, collegit, digessit, additisque praefationibus, notis, dissertationibus historicis, criticis, chronologicis, dogmaticis illustravit Joannes Dominicus Mansi Lucensis, Clericus Regularis Congregationis Matrit Dei. TOMUS QUINTUS. Ab anno MCCCCXV, ad annum MDC. Viñeta. LUCAE MDCCLI. Ex Typographia Josephi Salani, & Vincentii Junctinii. Superiorum Facultate

Gorde:
Xehetasun bibliografikoak
Egile nagusia: Mansi, Juan Domingo (autor)
Formatua: Liburua
Hizkuntza:latina
Argitaratua: Lugo Tipografía Jose Salani 1751
Edizioa:1a. ed
Gaiak:
Etiketak: Etiketa erantsi
Etiketarik gabe, Izan zaitez lehena erregistro honi etiketa jartzen!

MARC

LEADER 00000nam a2200000 a 4500
001 UCJ8561
003 CL-VaPUC
008 070124e17510000SP |||||||||||||||||lat|d
082 0 4 |a 262  |b MAN  |2 21 
100 |a Mansi, Juan Domingo  |e autor  |9 517407 
245 1 0 |a Sanctorum CONCILIORUM et DECRETORUM Collectio nova, seu collectionis conciliorum A. PP. Philippo Labbeo, et Gabriele Cossartio Soc. Jesu Presbyteris Primum Vulgatae, dein emendatioris, et amplioris Opera Nicolai Coleti Sacerdotis Venetiis recusae Supplementum, In quo additamenta, variantes lectiones, emendationes ad Concilia Veneto-Labbeana; Nova Itidem Concilia, ac decreta permulta exhibentur. Omnia ex editis & M. SS. condicibus undique quaesitis Graecis Latinisque, collegit, digessit, additisque praefationibus, notis, dissertationibus historicis, criticis, chronologicis, dogmaticis illustravit Joannes Dominicus Mansi Lucensis, Clericus Regularis Congregationis Matrit Dei. TOMUS QUINTUS. Ab anno MCCCCXV, ad annum MDC. Viñeta. LUCAE MDCCLI. Ex Typographia Josephi Salani, & Vincentii Junctinii. Superiorum Facultate 
250 |a 1a. ed 
300 |a 1351 p 
942 |c BK 
945 |d 20070124 00:00:00  |a rinostro 
260 |a Lugo  |b Tipografía Jose Salani  |c 1751 
500 |a Folio, pergamino.- h. prel.- Anteport.- v. en bl.- Port.- v. en bl.- Syllabus.- Apostillado.- Formato .40x.28 m. Timbre seco y ex libris del Colegio del Salvador, Buenos Aires 
650 0 |a Documentos pontificios   |9 255642 
650 7 |a CONCILIOS LOCALES  |2 CL-VaPUC  |9 517380 
650 7 |a EX LIBRIS  |2 CL-VaPUC  |9 505186 
650 7 |a LIBRO RARO  |2 CL-VaPUC  |9 504169 
583 |a last modification  |c 20070124 00:00:00  |k Rodrigo Vera 
999 |c 324233  |d 324231 
952 |0 0  |1 0  |4 0  |6 262_000000000000000_MAN_1751  |7 0  |8 X  |9 404203  |a FDOBUD  |b FDOBUD  |d 2019-11-22  |h v.5  |i 1079549  |o 262 MAN 1751  |p 1079549  |r 2019-11-22  |w 2019-11-22  |y BK_X  |k BUD